000 00303nam a2200133Ia 4500
008 190216s9999||||xx |||||||||||||| ||und||
100 _aEldon J Gardner
245 0 _aPrinciples Of Genetics
250 _a3rd Ed.
260 _bWiley Eastern Ltd
_c1968
300 _a518
650 _aBotany
942 _cBK
999 _c1076
_d1076